00965nam a2200289 a 450000500170000000800410001701000140005802000230007203500130009503700150010804000180012308200080014110000250014924501050017426000450027927000940032430000250041850000200044365000360046365000380049965000250053765000310056265000260059365000120061965000240063170000200065520161125112214.0060731s1999 nyua b 000 0 eng d aENG-95000 a8190328239c500.00 aEN-75833 bDBAD / PUB adplbEnglish  a337 aRizvi, Halima Sadia  aGlobalization, income inequality and human development /cby Halima Sadia Rizvi [and] Pooja Khurana  aDelhi bGlobal Books Organisation c2007 a1/7076, Mahajan Cottage, Ist Floor, Govind Marg, Shivaji Park, Shahdara, bDelhi e110031 av, 165p. c23cm(Hb)  aIncludes index  aGlobalizationxEconomic aspects aInternational economic relations. aInternational trade. aInternational cooperation. aEconomic development. aPoverty aIncome distribution aKhurana, Pooja